Normal view
MARC view
- إعداد وتقديم عبيدالله،محمد
Entry Personal Name
001 - CONTROL NUMBER
- control field: 11810
003 - CONTROL NUMBER IDENTIFIER
- control field: JO-AjAnu
005 - DATE AND TIME OF LATEST TRANSACTION
- control field: 20230606072208.0
008 - FIXED-LENGTH DATA ELEMENTS
- fixed length control field: 230606|| aca||aabn | a|a d
040 ## - CATALOGING SOURCE
- Original cataloging agency: JO-AjAnu
- Transcribing agency: JO-AjAnu
100 ## - HEADING--PERSONAL NAME
- Personal name: إعداد وتقديم عبيدالله،محمد
670 ## - SOURCE DATA FOUND
- Source citation: Work cat.: (JO-AjAnu)6083: إعداد وتقديم عبيدالله،محمد, author, شعرية الجذور: قراءات في شعر عز الدين المناصرة